00764nam a2200253 a 450000100060000000300090000600500170001500800410003202000180007304000280009104100080011908200220012710000230014924500850017226000360025730000340029350400280032765000160035565000290037165000220040065000390042265000360046185200130049725430CO-ViMGA20230915232058.0141112s2004 ck r 000 u spa d a9786077854838 aCO-ViMGAbspacCO-ViMGA aspa04aMEVIGAELA.3 P65i1 aPonce Cruz, Pedro.10aInteligencia artificial con aplicaciones a la ingeniería / cPedro Ponce Cruz. aMéxico : bAlfaomega, c2010. axxvii, 348 p. : il. ; 23 cm. aIncluye bibliografía.14aAlgoritmos.14aInteligencia artificial 14aLógica difusa. 14aMATLAB (Programa para computador) 14aRedes neurales (Informática)  17.648.30